000 00412nam a2200133Ia 4500
005 20260326235506.0
008 260326s9999||||xx |||||||||||||| ||und||
100 _ade Zamora, Fray Alonso
245 0 _aHistoria de la provincia de San Antonino del Reino de Granada - Vol. 3 /
_cFray Alonso de Zamora
260 _bInstituto Colombiano de Cultura Hispánica
300 _a326 p.
650 _aHISTORIA
942 _cBK
999 _c8169
_d8169